000 00450nam a2200181Ia 4500
005 20240823042610.0
008 240823s9999||||xx |||||||||||||| ||und||
020 _a978-81-8472-194-2
041 _aENGLISH
082 _A540 Q2
100 _aPonvel K M et al.
245 0 _aEngineering Chemistry -II
250 _a1st
260 _c2012
_bAnuradha Publica
500 _aTRANSFERED
650 _aChemistry
_bAerospace Engineering
942 _cBK
999 _c208251
_d208251